LEADER 01698nam a2200301 i 4500 001 000000244835 003 CaOOAMICUS 005 20240521143430.0 008 150819s1793 it u000 u ita u 013 $a223740 026 $aroi- l-S. t-un frta (3) 1793 (R) 040 $aSeMil$bita 100 1 $aTurchi, Adeodato .$0(OLS)http://semarc/name/5422 245 10$aOmelia dell'illustrissimo e reverendissimo monsignore fr. Adeodato Turchi ... diretta al suo popolo nel giorno di San Bernardo il quattro dicembre dell'anno 1793. In difesa della vita contemplativa. 260 $aParma :$bDalla Stamperia vescovile di Marco Rossi, e Andrea Ubaldi,$c1793. 300 $a24 p. ;$c4º. 500 $aData di stampa presunta nel titolo 500 $aSegn.: *12 500 $aStemma del Turchi xilogr. sul front. 710 2 $aStamperia reale$b.$0(OLS)http://semarc/name/3029 773 0 $aTurchi, Adeodato $t[Omelie, lettere pastorali, indulti, ecc. di monsignor Fr. Adeodato Turchi ...].$dParma : Dalla Stamperia vescovile di Marco Rossi, e Andrea Ubaldi, 1789.$w()11210 850 $aSeMil 852 $aSeMil$W1$xVenegono$y1$m3F VI 7/9 FA$j195181$B195181$CSeMilBibl$Z2$F205844 $8I 941 1 $a10 961 $aRecupero: Mantegazza 996 $6245$aOmelia dell'illustrissimo e reverendissimo monsignore fr. Adeodato Turchi ... diretta al suo popolo nel giorno di San Bernardo il quattro dicembre dell'anno 1793. In difesa della vita contemplativa$9(OLS)http://semarc/title/346645 996 $6260$aParma :$bDalla Stamperia vescovile di Marco Rossi, e Andrea Ubaldi$9(OLS)http://semarc/publisher/33086 LEADER 03238nam a2200361 i 4500 001 000000236606 003 CaOOAMICUS 005 20220128094304.0 008 141205s1623 it u000 u lat u 013 $a215510 026 $ei.mo 4750 li,e coeM (3) 1622 (R)$dPt. 1 026 $ePat- moo. i.j. egni (3) 1622 (R)$dPt. 2 040 $aSeMil$bita 100 1 $aPlatina .$0(OLS)http://semarc/name/3302 245 10$aHistoria delle vite de' sommi pontefici dal Salvator nostro sino a Gregorio 15. Scritta già da Battista Platina cremonese, dal p.f. Onofrio Panuinio da Verona, da Antonio Cicarelli da Foligno: e da d. Giouanni Stringa ... et hora ampliata dal m.r.p.f. Abramo Bzouio ... Illustrata con le annotationi del Panuinio ... e con la Cronologia ecclesiastica dell'istesso, tradotta in lingua italiana, & ampliata, dal r.m. Bartolomeo Dionigi da Fano, da d. Lauro Testa, e dal detto p.f. Abramo Bzouio. Ornata nuovamente di bellissimi ritratti di tutti i pontefici dal naturale. .. 260 $aIn Venetia :$bAppresso i Giunti,$c1623. 300 $a2 pt. ([40], 375, [1] c. ;$c[16], 216 p.) :$britr. ;$c4º. 500 $aFront. della pt. 1 stampato in rosso e nero. - Cors. ; rom. - A c. A3v ritratto xilogr. del Platina. - Ritr. e fregi xilogr. 500 $aMarca editoriale: Un giglio fiorentino. In una cornice figurata. (O589) Sul front. 500 $aTit. della pt. 2 La cronologia ecclesiastica, del R.P.F. Onofrio Panuinio veronese, frate eremitano di Sant'Agostino; dall'imperio di C. Giulio Cesare dittatore, sin' all'imperator Cesare Massimiano 2. d'Austria, ... Tradotta nuouamente dalla lingua latina nell'italiana, ... dal rever. M. Bartholomeo Dionigi da Fano. Et ... da D. Lauro Testa. . - Pt 2 inizia con proprio front. tipogr. 500 $aSegn.: A4 B-E8 F4 2A-3A8, *8 A-N8 O4 (C. 3A8 bianca) 700 1 $aCiccarelli, Antonio < -m. 1599>.$0(OLS)http://semarc/name/68210 700 1 $aPanvinio, Onofrio,$d<1530-1568>.$0(OLS)http://semarc/name/14388 700 1 $aDionigi, Bartolomeo,$d.$0(OLS)http://semarc/name/31219 700 1 $aBzowski, Abraham <1567-1637>.$0(OLS)http://semarc/name/80778 700 1 $aTesta, Lauro .$0(OLS)http://semarc/name/72255 700 1 $aStringa, Giovanni,$d.$0(OLS)http://semarc/name/14387 700 1 $aGiunta,$c.$0(OLS)http://semarc/name/12684 850 $aSeMil 852 $aSeMil$W1$xVenegono$y1$m3B IV 11 FA$j186952$B186952$CSeMilBibl$Z2$F197680 $8I 996 $6245$aHistoria delle vite de' sommi pontefici dal Salvator nostro sino a Gregorio 15. Scritta già da Battista Platina cremonese, dal p.f. Onofrio Panuinio da Verona, da Antonio Cicarelli da Foligno: e da d. Giouanni Stringa ... et hora ampliata dal m.r.p.f. Abramo Bzouio ... Illustrata con le annotationi del Panuinio ... e con la Cronologia ecclesiastica dell'istesso, tradotta in lingua italiana, & ampliata, dal r.m. Bartolomeo Dionigi da Fano, da d. Lauro Testa, e dal detto p.f. Abramo Bzouio. Ornata nuovamente di bellissimi ritratti di tutti i pontefici dal naturale. ..$9(OLS)http://semarc/title/337178 996 $6260$aIn Venetia :$bAppresso i Giunti$9(OLS)http://semarc/publisher/39479